000 00337nam a2200133Ia 4500
008 151001s9999||||xx |||||||||||||| ||und||
100 _a नीलाभ
245 _aकला और समजा
250 _a1
260 _bउत्सवा प्रकाशन
260 _c2007
300 _a119
365 _b21
999 _c990578
_d990575